000 00751nas a2200265 4500
001 BR9705466
003 BR-BrBNA
005 20231205100636.0
007 ta
008 230509b bl.|||p| |||| 00| 00por d
040 _aBR-BrBNA
_bpor
_cBiblioteca Nacional de Agricultura
041 _a(Pt)
072 _aQ04
100 1 _aMadruga, M.S.
245 1 _aFormacao do aroma carneo
650 _aCarne
650 _aSabor
650 _aOdor
650 _aPH
650 _aComposto Sulfurado
650 _aTemperatura
773 0 _tBoletim da Sociedade Brasileira de Ciencia e Tecnologia de Alimentos (Brazil)
_xISSN 0101-3637
_g(Jan-Jun 1997), v. 31(1) p. 33-41
_wBR9705466
909 _a202311
_bLúcia
_c55
_dLúcia Elande
942 _2AGRIS
_n0
_cANA
999 _c157181
_d157181